Mesoscale proceedings of the 20th International Liege Colloquium on Ocean Hydrodynamics
Αποθηκεύτηκε σε:
| Συγγραφή απο Οργανισμό/Αρχή: | |
|---|---|
| Άλλοι συγγραφείς: | , |
| Μορφή: | Πρακτικό Συνεδρίου Βιβλίο |
| Γλώσσα: | English |
| Δημοσίευση: |
Amsterdam :
Elsevier,
1989
|
| Σειρά: | Elsevier oceanography series ;
; 50 |
| Θέματα: | |
| Ετικέτες: |
Προσθήκη ετικέτας
Δεν υπάρχουν, Καταχωρήστε ετικέτα πρώτοι!
|
MARC
| LEADER | 00000pam a2200000 i 4500 | ||
|---|---|---|---|
| 001 | 1/2150 | ||
| 008 | 950809s1989 eng d | ||
| 020 | |a 0-444-87470-4 | ||
| 035 | |l 10014716 | ||
| 040 | |a GR-MY-UA |b gre |e aacr | ||
| 041 | 0 | |a eng | |
| 082 | 0 | |a 551.47 | |
| 111 | 2 | |a International Liege Colloquium on Ocean Hydrodynamics |n (20th : |d 1988) | |
| 245 | 1 | 0 | |a Mesoscale/synoptic coherent structures in geophysical turbulence : |b proceedings of the 20th International Liege Colloquium on Ocean Hydrodynamics / |c Edited by J. C. J. Nihoul and B. M. Jamart |
| 260 | |a Amsterdam : |b Elsevier, |c 1989 | ||
| 300 | |a xv, 841 p.; |b ill. (some col.); |c 25 cm | ||
| 490 | 1 | |a Elsevier oceanography series |v ; 50 | |
| 504 | |a Includes bibliographical references | ||
| 650 | 0 | 0 | |a Turbulence |x Congresses. |
| 650 | 0 | 0 | |a Oceanography |x Congresses. |
| 700 | 1 | |a Nihoul, Jacques C. J. |4 edt | |
| 700 | 1 | |a Jamart, B. M. |4 edt | |
| 830 | 0 | |a Elsevier oceanography series ; |v ; 50 | |
| 852 | |a INST |b LESVOS |e 19950809 |h 551.47 MES |p 005100007471 |q 005100007471 |t BK |y 0 | ||
| 909 | |a Λ |b 023977 | ||